000
00207 a2200109 4500
020
_a
2320007610452
041
_a
spa
100
_a
Harry Potter
245
_a
Y El Caliz De Fuego
942
_c
BK
952
_7
1
999
_c
24283
_d
24283